000 00353nam a22001457a 4500
008 221205b ||||| |||| 00| 0 eng d
020 _a9780470117262
041 _aeng
080 _2FOURTH EDITION
_a330.722
082 _a330.722WEY
100 _a23.2
101 _aKONTABILITET MENA
245 _aMANAGERIAL ACCOUNTING
_cWEYGANDT
942 _2udc
_cBK
999 _c59094
_d59094